[Event "Senior Men Russian Championship 2022_HL"]
[Site "Saint-Petersburg, Russia"]
[Date "2022.09.26"]
[Round "3.11"]
[White "Mamoshin, Valery"]
[Black "Pushkov, Nikolai"]
[Result "1/2-1/2"]
[TimeControl "40+30"]
[WhiteElo "2203"]
[BlackElo "2206"]

1. Nf3 {[%clk 01:30:58]} {[%emt 00:10:03]} Nf6 {[%clk 01:30:46]} {[%emt
00:00:14]} 2. d4 {[%clk 01:31:12]} {[%emt 00:00:17]} d5 {[%clk 01:30:45]}
{[%emt 00:00:31]} 3. c4 {[%clk 01:31:11]} {[%emt 00:00:31]} e6 {[%clk
01:31:07]} {[%emt 00:00:08]} 4. Nc3 {[%clk 01:31:27]} {[%emt 00:00:15]} Be7
{[%clk 01:31:11]} {[%emt 00:00:25]} 5. e3 {[%clk 01:30:58]} {[%emt 00:00:58]}
O-O {[%clk 01:30:47]} {[%emt 00:00:55]} 6. Bd3 {[%clk 01:30:30]} {[%emt
00:00:57]} dxc4 {[%clk 01:29:17]} {[%emt 00:02:01]} 7. Bxc4 {[%clk 01:30:58]}
{[%emt 00:00:02]} b6 {[%clk 01:29:38]} {[%emt 00:00:09]} 8. Qe2 {[%clk
01:30:37]} {[%emt 00:00:50]} Bb7 {[%clk 01:29:55]} {[%emt 00:00:15]} 9. O-O
{[%clk 01:30:47]} {[%emt 00:00:19]} c5 {[%clk 01:29:25]} {[%emt 00:00:59]} 10.
Rd1 {[%clk 01:30:46]} {[%emt 00:00:31]} Nbd7 {[%clk 01:27:20]} {[%emt
00:02:36]} 11. dxc5 {[%clk 01:30:04]} {[%emt 00:01:11]} Bxc5 {[%clk 01:26:52]}
{[%emt 00:00:59]} 12. a3 {[%clk 01:29:45]} {[%emt 00:00:49]} a5 {[%clk
01:24:06]} {[%emt 00:03:16]} 13. Rb1 {[%clk 01:16:37]} {[%emt 00:13:38]} Qe7
{[%clk 01:23:25]} {[%emt 00:01:10]} 14. e4 {[%clk 01:05:00]} {[%emt 00:12:07]}
h6 {[%clk 01:15:53]} {[%emt 00:08:02]} 15. h3 {[%clk 01:03:50]} {[%emt
00:01:40]} Rfd8 {[%clk 01:08:09]} {[%emt 00:08:15]} 16. Bf4 {[%clk 01:03:27]}
{[%emt 00:00:53]} Nf8 {[%clk 00:54:06]} {[%emt 00:14:32]} 17. e5 {[%clk
00:30:01]} {[%emt 00:33:57]} Nd5 {[%clk 00:52:55]} {[%emt 00:01:40]} 18. Bd2
{[%clk 00:30:26]} {[%emt 00:00:05]} Ng6 {[%clk 00:47:36]} {[%emt 00:05:49]} 19.
Nxd5 {[%clk 00:25:33]} {[%emt 00:05:22]} Bxd5 {[%clk 00:47:01]} {[%emt
00:01:06]} 20. b4 {[%clk 00:19:11]} {[%emt 00:06:52]} Bxf3 {[%clk 00:45:07]}
{[%emt 00:02:25]} 21. gxf3 {[%clk 00:18:42]} {[%emt 00:00:58]} axb4 {[%clk
00:45:28]} {[%emt 00:00:10]} 22. axb4 {[%clk 00:18:50]} {[%emt 00:00:21]} Bd4
{[%clk 00:45:41]} {[%emt 00:00:17]} 23. f4 {[%clk 00:19:01]} {[%emt 00:00:19]}
Nh4 {[%clk 00:36:06]} {[%emt 00:10:05]} 24. Bd3 {[%clk 00:17:15]} {[%emt
00:02:17]} Ra2 {[%clk 00:31:35]} {[%emt 00:05:00]} 25. Rb3 {[%clk 00:15:19]}
{[%emt 00:02:26]} g6 {[%clk 00:25:55]} {[%emt 00:06:10]} 26. Bb1 {[%clk
00:12:42]} {[%emt 00:03:06]} Rb2 {[%clk 00:22:32]} {[%emt 00:03:53]} 27. Rxb2
{[%clk 00:06:32]} {[%emt 00:06:39]} Bxb2 {[%clk 00:23:01]} {[%emt 00:00:03]} 28.
Be3 {[%clk 00:06:27]} {[%emt 00:00:34]} Rxd1+ {[%clk 00:22:50]} {[%emt
00:00:42]} 29. Qxd1 {[%clk 00:06:55]} {[%emt 00:00:02]} Qxb4 {[%clk 00:16:28]}
{[%emt 00:06:51]} 30. Qd8+ {[%clk 00:07:05]} {[%emt 00:00:20]} Kh7 {[%clk
00:16:37]} {[%emt 00:00:21]} 31. Qxh4 {[%clk 00:06:31]} {[%emt 00:01:04]} Qe1+
{[%clk 00:17:03]} {[%emt 00:00:03]} 32. Kg2 {[%clk 00:07:00]} Qxb1 {[%clk
00:17:18]} {[%emt 00:00:18]} 33. Qf6 {[%clk 00:06:16]} {[%emt 00:01:13]} Qe4+
{[%clk 00:16:58]} {[%emt 00:00:49]} 34. Kg3 {[%clk 00:05:34]} {[%emt 00:01:12]}
Bc3 {[%emt 00:04:07]} 1/2-1/2

[Event "Senior Men Russian Championship 2022_HL"]
[Site "Saint-Petersburg, Russia"]
[Date "2022.09.26"]
[Round "3.8"]
[White "Mishuchkov, Nikolai M."]
[Black "Yakovlev, Yuri S."]
[Result "1-0"]
[TimeControl "40+30"]
[WhiteElo "2258"]
[BlackElo "1649"]

1. Nf3 {[%emt 00:00:01]} b5 {[%emt 00:00:03]} 2. e4 {[%clk 01:30:10]} {[%emt
00:00:44]} Bb7 {[%clk 01:30:51]} {[%emt 00:00:09]} 3. Bxb5 {[%clk 01:30:06]}
{[%emt 00:00:35]} Bxe4 {[%clk 01:31:16]} {[%emt 00:00:04]} 4. O-O {[%clk
01:29:19]} {[%emt 00:01:17]} Bb7 {[%clk 01:31:19]} {[%emt 00:00:27]} 5. d4
{[%clk 01:29:13]} {[%emt 00:00:36]} Nf6 {[%clk 01:31:37]} {[%emt 00:00:12]} 6.
c4 {[%clk 01:29:09]} {[%emt 00:00:34]} e6 {[%clk 01:31:45]} {[%emt 00:00:22]} 7.
Nc3 {[%clk 01:28:56]} {[%emt 00:00:44]} Be7 {[%clk 01:32:12]} {[%emt 00:00:03]}
8. Re1 {[%clk 01:21:54]} {[%emt 00:07:32]} O-O {[%clk 01:32:27]} {[%emt
00:00:15]} 9. Ba4 {[%clk 01:21:49]} {[%emt 00:00:35]} d6 {[%clk 01:30:29]}
{[%emt 00:02:28]} 10. Bc2 {[%clk 01:09:25]} {[%emt 00:12:54]} Nbd7 {[%clk
01:24:53]} {[%emt 00:06:06]} 11. Bf4 {[%clk 01:07:50]} {[%emt 00:02:04]} Nh5
{[%clk 01:23:46]} {[%emt 00:01:37]} 12. Be3 {[%clk 00:59:03]} {[%emt 00:09:17]}
g6 {[%clk 01:21:30]} {[%emt 00:02:46]} 13. Be4 {[%clk 00:38:28]} {[%emt
00:21:05]} c6 {[%clk 01:17:53]} {[%emt 00:04:07]} 14. Bh6 {[%clk 00:34:10]}
{[%emt 00:04:48]} Ng7 {[%clk 01:15:01]} {[%emt 00:03:22]} 15. Nd2 {[%clk
00:33:50]} {[%emt 00:00:51]} Bg5 {[%clk 01:12:27]} {[%emt 00:03:04]} 16. Bxg5
{[%clk 00:33:58]} {[%emt 00:00:22]} Qxg5 {[%clk 01:12:55]} {[%emt 00:00:02]} 17.
g3 {[%clk 00:27:24]} {[%emt 00:07:04]} f5 {[%clk 01:10:42]} {[%emt 00:02:41]}
18. Bg2 {[%clk 00:27:35]} {[%emt 00:00:20]} Qf6 {[%clk 01:10:06]} {[%emt
00:01:05]} 19. c5 {[%clk 00:23:12]} {[%emt 00:04:54]} d5 {[%clk 01:09:37]}
{[%emt 00:00:59]} 20. Nf3 {[%clk 00:23:31]} {[%emt 00:00:11]} f4 {[%clk
01:06:29]} {[%emt 00:03:38]} 21. Qd2 {[%clk 00:22:15]} {[%emt 00:01:46]} fxg3
{[%clk 01:05:05]} {[%emt 00:01:53]} 22. fxg3 {[%emt 00:01:35]} Rae8 {[%clk
01:01:21]} {[%emt 00:04:10]} 23. Ne5 {[%clk 00:21:33]} {[%emt 00:00:12]} Qd8
{[%clk 00:59:32]} {[%emt 00:02:20]} 24. Nxd7 {[%clk 00:21:38]} {[%emt
00:00:25]} Qxd7 {[%clk 00:59:39]} {[%emt 00:00:23]} 25. Re5 {[%clk 00:22:04]}
{[%emt 00:00:02]} Rf5 {[%clk 00:57:54]} {[%emt 00:02:16]} 26. Rae1 {[%clk
00:21:30]} {[%emt 00:01:04]} Bc8 {[%clk 00:55:54]} {[%emt 00:02:30]} 27. Bh3
{[%clk 00:20:46]} {[%emt 00:01:13]} Rxe5 {[%clk 00:55:59]} {[%emt 00:00:26]} 28.
Rxe5 {[%clk 00:21:12]} {[%emt 00:00:04]} Qf7 {[%clk 00:55:24]} {[%emt
00:01:05]} 29. Nd1 {[%clk 00:16:56]} {[%emt 00:04:46]} Rf8 {[%clk 00:53:40]}
{[%emt 00:02:14]} 30. Nf2 {[%clk 00:15:35]} {[%emt 00:01:49]} h5 {[%clk
00:47:52]} {[%emt 00:06:20]} 31. Bg2 {[%clk 00:12:57]} {[%emt 00:03:08]} Nf5
{[%clk 00:44:39]} {[%emt 00:03:43]} 32. Bh3 {[%clk 00:11:46]} {[%emt 00:01:41]}
Kh7 {[%clk 00:43:12]} {[%emt 00:01:58]} 33. Bxf5 {[%clk 00:11:37]} {[%emt
00:00:39]} gxf5 {[%clk 00:42:40]} {[%emt 00:01:02]} 34. Nh3 {[%clk 00:11:49]}
{[%emt 00:00:18]} Qg6 {[%clk 00:42:19]} {[%emt 00:00:51]} 35. Qg5 {[%clk
00:10:26]} {[%emt 00:01:53]} Rf6 {[%clk 00:40:19]} {[%emt 00:02:29]} 36. Qh4
{[%clk 00:08:26]} {[%emt 00:02:30]} Kg8 {[%clk 00:29:49]} {[%emt 00:11:00]} 37.
Nf4 {[%clk 00:07:58]} {[%emt 00:00:57]} Qh6 {[%clk 00:29:47]} {[%emt 00:00:33]}
38. Re3 {[%clk 00:05:43]} {[%emt 00:02:43]} Bd7 {[%clk 00:27:52]} {[%emt
00:02:25]} 39. Rb3 {[%clk 00:04:55]} {[%emt 00:01:19]} Be8 {[%clk 00:28:09]}
{[%emt 00:00:14]} 40. Rb8 {[%clk 00:05:07]} {[%emt 00:00:18]} Rf8 {[%clk
00:27:21]} {[%emt 00:01:17]} 41. Qe7 {[%clk 00:33:24]} {[%emt 00:02:13]} Bf7
{[%clk 00:55:06]} {[%emt 00:02:45]} 42. Qxf8+ {[%clk 00:12:49]} {[%emt
00:21:05]} Qxf8 {[%clk 00:55:27]} {[%emt 00:00:09]} 43. Rxf8+ {[%clk 00:13:17]}
{[%emt 00:00:03]} Kxf8 {[%clk 00:55:53]} {[%emt 00:00:02]} 44. h4 {[%clk
00:13:23]} {[%emt 00:00:25]} Ke7 {[%clk 00:55:20]} {[%emt 00:01:02]} 45. Nd3
{[%clk 00:13:17]} {[%emt 00:00:36]} Be8 {[%clk 00:41:36]} {[%emt 00:14:15]} 46.
Kf2 {[%clk 00:13:40]} {[%emt 00:00:07]} Kd8 {[%clk 00:41:41]} {[%emt 00:00:25]}
47. Ke3 {[%clk 00:13:36]} {[%emt 00:00:34]} Ke7 {[%clk 00:41:46]} {[%emt
00:00:25]} 48. Kf4 {[%clk 00:13:50]} {[%emt 00:00:16]} Kf6 {[%clk 00:42:13]}
{[%emt 00:00:02]} 49. b4 {[%clk 00:13:12]} {[%emt 00:01:10]} a6 {[%clk
00:42:15]} {[%emt 00:00:28]} 50. Ne5 {[%clk 00:13:34]} {[%emt 00:00:07]} 1-0

[Event "Senior Men Russian Championship 2022_HL"]
[Site "Saint-Petersburg, Russia"]
[Date "2022.09.26"]
[Round "3.6"]
[White "Osmolny, Vladimir I."]
[Black "Lisenko, Alexander V"]
[Result "1/2-1/2"]
[TimeControl "40+30"]
[WhiteElo "2092"]
[BlackElo "2307"]

1. c4 {[%clk 01:30:57]} {[%emt 00:00:02]} c5 {[%clk 01:30:53]} {[%emt
00:00:07]} 2. Nc3 {[%clk 01:31:02]} {[%emt 00:00:25]} Nf6 {[%clk 01:31:00]}
{[%emt 00:00:23]} 3. Nf3 {[%clk 01:30:59]} {[%emt 00:00:33]} e6 {[%clk
01:28:01]} {[%emt 00:03:29]} 4. e3 {[%clk 01:30:45]} {[%emt 00:00:44]} d5
{[%clk 01:27:55]} {[%emt 00:00:35]} 5. d4 {[%clk 01:31:02]} {[%emt 00:00:14]}
cxd4 {[%clk 01:14:54]} {[%emt 00:13:31]} 6. exd4 {[%clk 01:31:08]} {[%emt
00:00:24]} dxc4 {[%clk 01:15:10]} {[%emt 00:00:14]} 7. Bxc4 {[%clk 01:31:11]}
{[%emt 00:00:28]} Be7 {[%clk 01:14:46]} {[%emt 00:00:53]} 8. O-O {[%clk
01:30:22]} {[%emt 00:01:19]} Nc6 {[%clk 01:12:50]} {[%emt 00:02:25]} 9. Bf4
{[%clk 01:28:39]} {[%emt 00:02:13]} O-O {[%clk 01:12:07]} {[%emt 00:01:13]} 10.
a3 {[%clk 01:25:12]} {[%emt 00:03:59]} b6 {[%clk 01:05:30]} {[%emt 00:07:06]}
11. Qd3 {[%clk 01:16:42]} {[%emt 00:09:00]} Bb7 {[%clk 01:03:54]} {[%emt
00:02:06]} 12. Rfd1 {[%clk 01:12:46]} {[%emt 00:04:26]} Rc8 {[%clk 00:59:27]}
{[%emt 00:04:56]} 13. Ba2 {[%clk 01:10:34]} {[%emt 00:02:43]} g6 {[%clk
00:48:24]} {[%emt 00:11:32]} 14. Rac1 {[%clk 01:06:14]} {[%emt 00:04:50]} Qd7
{[%clk 00:28:10]} {[%emt 00:20:44]} 15. h3 {[%clk 00:50:25]} {[%emt 00:16:20]}
Rfd8 {[%clk 00:25:26]} {[%emt 00:03:13]} 16. b4 {[%clk 00:48:24]} {[%emt
00:02:33]} Qe8 {[%clk 00:24:52]} {[%emt 00:01:02]} 17. Qe3 {[%clk 00:47:12]}
{[%emt 00:01:43]} Rd7 {[%clk 00:19:00]} {[%emt 00:06:21]} 18. Rd3 {[%clk
00:43:23]} {[%emt 00:04:20]} Bf8 {[%clk 00:16:54]} {[%emt 00:02:34]} 19. Rcd1
{[%clk 00:42:23]} {[%emt 00:01:32]} Bg7 {[%clk 00:15:13]} {[%emt 00:02:09]} 20.
d5 {[%clk 00:36:18]} {[%emt 00:06:36]} exd5 {[%clk 00:14:24]} {[%emt 00:01:19]}
21. Qxe8+ {[%clk 00:34:30]} {[%emt 00:02:19]} Rxe8 {[%clk 00:14:33]} {[%emt
00:00:20]} 22. Nxd5 {[%clk 00:33:14]} {[%emt 00:01:46]} Nxd5 {[%clk 00:13:57]}
{[%emt 00:01:05]} 23. Bxd5 {[%clk 00:32:43]} {[%emt 00:01:02]} Ne5 {[%clk
00:06:12]} {[%emt 00:08:15]} 24. Bxe5 {[%clk 00:31:58]} {[%emt 00:01:15]} Bxe5
{[%clk 00:06:38]} {[%emt 00:00:04]} 25. Bxb7 {[%clk 00:32:21]} {[%emt
00:00:08]} Rxb7 {[%clk 00:07:05]} {[%emt 00:00:02]} 26. Rd8 {[%clk 00:28:41]}
{[%emt 00:04:11]} Rbe7 {[%clk 00:07:10]} {[%emt 00:00:24]} 27. Rxe8+ {[%clk
00:27:46]} {[%emt 00:01:25]} Rxe8 {[%clk 00:07:40]} 28. Rd7 {[%clk 00:20:32]}
{[%emt 00:07:45]} a5 {[%clk 00:06:27]} {[%emt 00:01:41]} 29. Rb7 {[%clk
00:20:24]} {[%emt 00:00:39]} axb4 {[%clk 00:06:44]} {[%emt 00:00:13]} 30. axb4
{[%clk 00:20:33]} {[%emt 00:00:22]} Rb8 {[%clk 00:07:12]} 31. Rd7 {[%clk
00:09:53]} {[%emt 00:11:10]} Bf6 {[%clk 00:07:18]} {[%emt 00:00:23]} 32. Kf1
{[%clk 00:09:01]} {[%emt 00:01:23]} Rd8 {[%clk 00:07:28]} {[%emt 00:00:19]} 33.
Rxd8+ {[%clk 00:08:36]} {[%emt 00:00:56]} Bxd8 {[%clk 00:07:55]} {[%emt
00:00:02]} 34. Nd2 {[%clk 00:08:42]} {[%emt 00:00:24]} Kf8 {[%clk 00:07:38]}
{[%emt 00:00:48]} 35. Ke2 {[%clk 00:08:38]} {[%emt 00:00:34]} Ke7 {[%clk
00:06:23]} {[%emt 00:01:44]} 36. Kd3 {[%clk 00:08:38]} {[%emt 00:00:30]} Kd6
{[%clk 00:06:09]} {[%emt 00:00:44]} 37. Kc4 {[%clk 00:08:38]} {[%emt 00:00:30]}
Kc6 {[%clk 00:06:21]} {[%emt 00:00:17]} 38. b5+ {[%clk 00:08:53]} {[%emt
00:00:17]} Kd6 {[%clk 00:06:41]} {[%emt 00:00:09]} 39. Ne4+ {[%clk 00:07:21]}
{[%emt 00:02:02]} Ke5 {[%clk 00:06:53]} {[%emt 00:00:18]} 40. Nd2 {[%clk
00:33:02]} {[%emt 00:04:49]} Be7 {[%clk 00:35:20]} {[%emt 00:02:03]} 41. Nf3+
{[%clk 00:29:42]} {[%emt 00:03:52]} Ke4 {[%clk 00:25:07]} {[%emt 00:10:42]} 42.
Nd2 {[%clk 00:29:58]} {[%emt 00:00:15]} Ke5 {[%clk 00:25:25]} {[%emt 00:00:11]}
43. Nf3+ {[%clk 00:30:22]} {[%emt 00:00:07]} Kd6 {[%clk 00:24:48]} {[%emt
00:01:06]} 44. Ne1 {[%clk 00:28:24]} {[%emt 00:02:29]} f5 {[%clk 00:24:07]}
{[%emt 00:01:10]} 45. g3 {[%clk 00:24:27]} {[%emt 00:04:28]} Ke6 {[%clk
00:19:47]} {[%emt 00:04:49]} 46. Nd3 {[%clk 00:24:11]} {[%emt 00:00:47]} g5
{[%clk 00:19:32]} {[%emt 00:00:44]} 47. f3 {[%clk 00:23:32]} {[%emt 00:01:10]}
h6 {[%clk 00:14:50]} {[%emt 00:05:11]} 48. g4 {[%clk 00:19:18]} {[%emt
00:04:45]} fxg4 {[%clk 00:14:34]} {[%emt 00:00:46]} 49. hxg4 {[%clk 00:19:17]}
{[%emt 00:00:30]} Bf6 {[%clk 00:14:22]} {[%emt 00:00:41]} 50. Nb4 {[%clk
00:18:24]} {[%emt 00:01:25]} Ke5 {[%clk 00:12:35]} {[%emt 00:02:15]} 51. Nd3+
{[%clk 00:18:52]} {[%emt 00:00:04]} Ke6 {[%clk 00:09:22]} {[%emt 00:03:42]} 52.
Nb4 {[%clk 00:16:05]} {[%emt 00:03:18]} Be7 {[%clk 00:08:46]} {[%emt 00:01:05]}
53. Nd3 {[%clk 00:16:17]} {[%emt 00:00:18]} Ke5 {[%clk 00:06:44]} {[%emt
00:00:38]} 1/2-1/2

[Event "Senior Men Russian Championship 2022_HL"]
[Site "Saint-Petersburg, Russia"]
[Date "2022.09.26"]
[Round "3.10"]
[White "Berlin, Grigoriy"]
[Black "Kornilov, Anatoly"]
[Result "1-0"]
[TimeControl "40+30"]
[WhiteElo "2186"]
[BlackElo "2094"]

1. d4 {[%clk 01:30:56]} {[%emt 00:00:03]} Nf6 {[%clk 01:30:50]} {[%emt
00:00:10]} 2. Nf3 {[%clk 01:31:19]} {[%emt 00:00:07]} g6 {[%clk 01:30:59]}
{[%emt 00:00:20]} 3. Bf4 {[%clk 01:31:27]} {[%emt 00:00:22]} Bg7 {[%clk
01:31:20]} {[%emt 00:00:10]} 4. h3 {[%clk 01:31:26]} {[%emt 00:00:31]} O-O
{[%clk 01:31:36]} {[%emt 00:00:13]} 5. e3 {[%clk 01:31:47]} {[%emt 00:00:10]}
d6 {[%clk 01:31:50]} {[%emt 00:00:16]} 6. Be2 {[%clk 01:30:58]} {[%emt
00:01:18]} Nbd7 {[%clk 01:32:03]} {[%emt 00:00:16]} 7. c4 {[%clk 01:30:09]}
{[%emt 00:01:21]} Re8 {[%clk 01:30:02]} {[%emt 00:02:30]} 8. O-O {[%clk
01:29:47]} {[%emt 00:00:53]} e6 {[%clk 01:27:08]} {[%emt 00:03:23]} 9. Nc3
{[%clk 01:28:43]} {[%emt 00:01:34]} a6 {[%clk 01:27:14]} {[%emt 00:00:25]} 10.
Bh2 {[%clk 01:21:51]} {[%emt 00:07:22]} Qe7 {[%clk 01:27:26]} {[%emt 00:00:16]}
11. Re1 {[%clk 01:17:59]} {[%emt 00:04:23]} b6 {[%clk 01:27:41]} {[%emt
00:00:16]} 12. a4 {[%clk 01:17:44]} {[%emt 00:00:45]} a5 {[%clk 01:27:21]}
{[%emt 00:00:50]} 13. Nb5 {[%clk 01:15:52]} {[%emt 00:02:22]} Nb8 {[%clk
01:27:37]} {[%emt 00:00:14]} 14. c5 {[%clk 01:10:22]} {[%emt 00:06:00]} Rd8
{[%clk 01:27:53]} {[%emt 00:00:14]} 15. cxb6 {[%clk 01:08:33]} {[%emt
00:02:20]} cxb6 {[%clk 01:28:12]} {[%emt 00:00:10]} 16. Rc1 {[%clk 01:08:50]}
{[%emt 00:00:12]} Na6 {[%clk 01:28:04]} {[%emt 00:00:39]} 17. Rc6 {[%clk
01:07:31]} {[%emt 00:01:49]} Ne8 {[%clk 01:27:55]} {[%emt 00:00:38]} 18. Rxb6
{[%clk 01:05:06]} {[%emt 00:02:56]} Nb4 {[%clk 01:28:12]} {[%emt 00:00:12]} 19.
Nd2 {[%clk 01:02:26]} {[%emt 00:03:10]} Bb7 {[%clk 01:24:26]} {[%emt 00:04:17]}
20. Bf3 {[%clk 00:50:50]} {[%emt 00:12:05]} Nd5 {[%clk 01:24:44]} {[%emt
00:00:13]} 21. Bxd5 {[%clk 00:50:53]} {[%emt 00:00:27]} Bxd5 {[%clk 01:25:06]}
{[%emt 00:00:08]} 22. Nc3 {[%clk 00:50:12]} {[%emt 00:01:10]} Nc7 {[%clk
01:21:47]} {[%emt 00:03:49]} 23. Nde4 {[%clk 00:46:01]} {[%emt 00:04:41]} e5
{[%clk 01:21:18]} {[%emt 00:00:59]} 24. Nxd5 {[%clk 00:36:35]} {[%emt
00:09:56]} Nxd5 {[%clk 01:21:39]} {[%emt 00:00:09]} 25. Rb5 {[%clk 00:36:58]}
{[%emt 00:00:08]} Nb4 {[%clk 01:21:33]} {[%emt 00:00:36]} 26. Nc3 {[%clk
00:35:27]} {[%emt 00:02:00]} Rdc8 {[%clk 01:20:47]} {[%emt 00:01:16]} 27. dxe5
{[%clk 00:33:14]} {[%emt 00:02:44]} dxe5 {[%clk 01:21:04]} {[%emt 00:00:12]} 28.
Nd5 {[%clk 00:32:46]} {[%emt 00:00:58]} Nxd5 {[%clk 01:20:16]} {[%emt
00:01:19]} 29. Qxd5 {[%clk 00:33:03]} {[%emt 00:00:13]} Rab8 {[%clk 01:17:41]}
{[%emt 00:03:05]} 30. Rd1 {[%clk 00:29:08]} {[%emt 00:04:25]} Rxb5 {[%clk
01:15:53]} {[%emt 00:02:19]} 31. Qxb5 {[%clk 00:29:26]} {[%emt 00:00:10]} Qb4
{[%clk 01:15:52]} {[%emt 00:00:31]} 32. g4 {[%clk 00:28:09]} {[%emt 00:01:47]}
f6 {[%clk 01:15:53]} {[%emt 00:00:29]} 33. Qd5+ {[%clk 00:25:33]} {[%emt
00:03:06]} Kh8 {[%clk 01:15:59]} {[%emt 00:00:24]} 34. g5 {[%clk 00:23:18]}
{[%emt 00:02:45]} Qxb2 {[%clk 01:15:10]} {[%emt 00:01:19]} 35. gxf6 {[%clk
00:18:47]} {[%emt 00:05:01]} Bxf6 {[%clk 01:12:04]} {[%emt 00:03:35]} 36. Qf7
{[%clk 00:18:23]} {[%emt 00:00:55]} Bg7 {[%clk 01:11:35]} {[%emt 00:00:58]} 37.
Bg3 {[%clk 00:16:10]} {[%emt 00:02:43]} Qc2 {[%clk 01:07:39]} {[%emt 00:04:26]}
38. Rd7 {[%clk 00:15:30]} {[%emt 00:01:11]} Rg8 {[%clk 01:08:03]} {[%emt
00:00:06]} 39. Qxg7+ {[%clk 00:15:17]} {[%emt 00:00:43]} Rxg7 {[%clk 01:08:19]}
{[%emt 00:00:14]} 40. Rd8+ {[%clk 00:45:47]} {[%emt 00:00:01]} 1-0

[Event "Senior Men Russian Championship 2022_HL"]
[Site "Saint-Petersburg, Russia"]
[Date "2022.09.26"]
[Round "3.7"]
[White "Filipenko, Alexander V"]
[Black "Dragomarezkij, Evgeni"]
[Result "1/2-1/2"]
[TimeControl "40+30"]
[WhiteElo "2171"]
[BlackElo "2297"]

1. e4 {[%clk 01:30:55]} {[%emt 00:00:04]} e5 {[%clk 01:30:53]} {[%emt
00:00:07]} 2. Nf3 {[%clk 01:31:20]} {[%emt 00:00:05]} Nf6 {[%clk 01:31:14]}
{[%emt 00:00:10]} 3. Nc3 {[%clk 01:31:44]} {[%emt 00:00:06]} Bb4 {[%clk
01:31:34]} {[%emt 00:00:10]} 4. Nxe5 {[%clk 01:31:20]} {[%emt 00:00:53]} O-O
{[%clk 01:31:56]} {[%emt 00:00:08]} 5. Nd3 {[%clk 01:27:31]} {[%emt 00:04:18]}
Bxc3 {[%clk 01:32:00]} {[%emt 00:00:28]} 6. dxc3 {[%clk 01:27:51]} {[%emt
00:00:10]} Nxe4 {[%clk 01:32:23]} {[%emt 00:00:07]} 7. Be2 {[%clk 01:25:07]}
{[%emt 00:03:14]} d6 {[%clk 01:32:27]} {[%emt 00:00:25]} 8. O-O {[%clk
01:25:17]} {[%emt 00:00:20]} Nd7 {[%clk 01:32:32]} {[%emt 00:00:25]} 9. f3
{[%clk 01:22:08]} {[%emt 00:03:40]} Nec5 {[%clk 01:25:15]} {[%emt 00:07:47]} 10.
Re1 {[%clk 01:20:36]} {[%emt 00:02:02]} Re8 {[%clk 01:18:54]} {[%emt 00:06:51]}
11. Bf1 {[%clk 01:19:53]} {[%emt 00:01:13]} b6 {[%clk 01:10:39]} {[%emt
00:08:43]} 12. Rxe8+ {[%clk 01:13:40]} {[%emt 00:06:44]} Qxe8 {[%clk 01:10:41]}
{[%emt 00:00:29]} 13. Qe2 {[%clk 01:09:16]} {[%emt 00:04:53]} Ba6 {[%clk
01:05:57]} {[%emt 00:05:14]} 14. Qf2 {[%clk 01:00:49]} {[%emt 00:08:56]} Ne5
{[%clk 01:04:41]} {[%emt 00:01:47]} 15. Nxc5 {[%clk 00:57:21]} {[%emt
00:03:58]} Bxf1 {[%clk 01:04:54]} {[%emt 00:00:15]} 16. Qxf1 {[%clk 00:55:53]}
{[%emt 00:02:00]} bxc5 {[%clk 01:04:37]} {[%emt 00:00:46]} 17. Bf4 {[%clk
00:54:58]} {[%emt 00:01:26]} Ng6 {[%emt 00:02:38]} 18. Bg3 {[%emt 00:00:01]}
Qe6 {[%emt 00:00:02]} 19. c4 {[%emt 00:00:04]} 1/2-1/2